000 01474nas a2200277Ia 4500
001 R050-S3688
003 IT-CnALBA
008 170116c99999999xx |||||||||||| ||und||
040 _aIT-CnALBA
_cIT-CnALBA
041 _aITALIANO
100 _aTETI GIOVANNA
210 _aVIA VERITÀ E VITA
222 _aVIA VERITÀ E VITA
245 0 _aVIA VERITÀ E VITA. GENNAIO FEBBRAIO 1999. RIVISTA MONOGRAFICA DI APPROFONDIMENTO PASTORALE CATECHISTICO.
250 _a1a ed.
260 _a ROMA
_bCENTRO CATECHISTICO PAOLINO
_c1999 [1° Ed.:1999 - Ed.Ling.Originale: 1999]
300 _a80 p.
310 _aBIMESTRALE
362 _aFascicolo: 171 / Anno: 48 (1999)
500 _aITINERARIO VERSO IL GIUBILEO. AMATI DAL PADRE. FIGLI DI DIO. SITUAZIONE DI FATTO. BRUNI G. C. PADRE E MADRE DI MISERICORDIA. MAGGIONI BR. ABBA' PADRE. LAURITA R. VOLTO DEL PADRE. PAPA'. CHIESA ICONE AMORE. SEGNO DI AMORE PATERNITÀ. E LE RELIGIONI. DISCORSO ALLE BAMBINE. INFORMAZIONI.
501 _aSocietà San Paolo EM - Piazza San Paolo, 14 - 12051 ALBA (CN) (non commercial uses only) ® Copyright 2017
520 _aITINERARIO VERSO IL GIUBILEO. AMATI DAL PADRE. FIGLI DI DIO. SITUAZIONE DI FATTO. BRUNI G. C. PADRE E MADRE DI MISERICORDIA. MAGGIONI BR. ABBA' PADRE. LAURITA R. VOLTO DEL PADRE. PAPA'. CHIESA ICONE AMORE. SEGNO DI AMORE PATERNITÀ. E LE RELIGIONI. DISCORSO ALLE BAMBINE. INFORMAZIONI.
650 _aTEOLOGIA PASTORALE - CATECHESI
942 _cCR
957 _71
999 _a65578
_bNO
_g1
_c332274
_d332274